Statistics for Random Acronyms Quiz #5

Click here to take the quiz!

General Stats

  • This quiz has been taken 47,149 times
    (47,114 since last reset)
  • The average score is 12 of 24

Answer Stats

AcronymClueStands For% Correct
XLClothingExtra Large
99%
DIYHome RepairDo It Yourself
94%
WWWComputersWorld Wide Web
94%
BCDatesBefore Christ
82%
NYTJournalismNew York Times
81%
TPBathroomToilet Paper
79%
ACClimate ControlAir Conditioning
74%
MVPSportsMost Valuable Player
71%
WWJDReligionWhat Would Jesus Do?
53%
GPSNavigationGlobal Positioning System
50%
MPMilitaryMilitary Police
45%
CVEmploymentCurriculum Vitae
43%
BACIntoxicationBlood Alcohol Content
39%
SVUTelevisionSpecial Victims Unit
39%
NESVideo GamesNintendo Entertainment System
36%
HMSNavyHer Majesty's Ship
34%
ESPSupernaturalExtra-Sensory Perception
30%
GQMagazinesGentlemen's Quarterly
28%
NIMBYLocal PoliticsNot in My Back Yard
24%
HOVTransitHigh Occupancy Vehicle
19%
KPMilitaryKitchen Patrol
18%
M&ABusinessMergers and Acquisitions
10%
CILaw EnforcementConfidential Informant
9%
QEEconomicsQuantitative Easing
6%

Score Distribution

Percentile by Number Answered

Percent of People with Each Score

Your Score History

You have not taken this quiz since the last reset